=LDR 00000nam 2200000 4500 =001 INLIS000000000037912 =005 20150425135006.0 =006 =007 =008 Ind =035 ##$$0010-061300000037912 =041 ##$$a Ind =082 ##$$a 633.152 2 =090 ##$$a 633.152 2, Bud b =245 ##$$a Budidaya jagung hibrida, Redaksi Agro Media, penyunting, Agung S =260 ##$$a 2010 $b Jakarta =300 ##$$a 48 hlm, ilus, 22 cm =650 ##$$a Jagung Hibrida-budidaya =850 ##$$a NBPNMAT =990 ##$$a 0001/BPAP-NTB/20142014 =990 ##$$a 0001/BPAP-NTB/2016